Slovenská národná bibliografia séria A
Salvato in:
| Natura: | Periodico |
|---|---|
| Lingua: | slovacco |
| Pubblicazione: |
Martin
Matica slovenská
2002
|
| Soggetti: | |
| Tags: |
Nessun Tag, puoi essere il primo ad aggiungerne!!
|
MARC
| LEADER | 00000nas a2200000 4500 | ||
|---|---|---|---|
| 001 | 0039770 | ||
| 005 | 20180710112106.8 | ||
| 022 | |a 0231-9780 | ||
| 041 | 0 | |a slo | |
| 044 | |a SK | ||
| 245 | 1 | 0 | |a Slovenská národná bibliografia |b séria A |
| 264 | 1 | |a Martin |b Matica slovenská |c 2002 | |
| 773 | 0 | |w eu_un_cat*s120730 | |
| 610 | 2 | 0 | |a bibliografia |
| 610 | 2 | 0 | |a knihy |
| 610 | 2 | 0 | |a Slovensko |